| 000 | 00334nam a2200133Ia 4500 | ||
|---|---|---|---|
| 005 | 20260624164725.0 | ||
| 008 | 170106s||||xx |||||||||||||| ||und|| | ||
| 020 | _a9780521850827 | ||
| 082 |
_a530.143 _bBAN |
||
| 100 | _aBanks, Tom | ||
| 245 | 0 | _aModern quantum field theory : a concise introduction | |
| 650 | _aPhysics | ||
| 942 |
_cBK _2ddc |
||
| 999 |
_c5865 _d5865 |
||